Local jet bundle formulation of Backlund transformations, with applications to non-linear evolution equations /

Bibliographic Details
Main Author: Pirani, F. A. E., 1928-
Other Authors: Robinson, D. C. (David Clyde), 1942-, Shadwick, W. F., 1951-
Format: Book
Language:English
Published: Dordrecht, Holland ; Boston : D. Reidel, [1979]
Series:Mathematical physics studies ; v. 1.
Subjects:

MARC

Tag First Indicator Second Indicator Subfields
LEADER 00000pam a2200000 i 4500
001 in00000068738
005 20151008050832.0
008 790801s1979 ne b 00110 eng
010 |a  79019018  
020 |a 9027710368 
035 |a (OCoLC)05286193 
035 |9 AAG3719AM 
040 |a DLC  |c DLC  |d TXA  |d UtOrBLW 
049 |a TXAM  |c [980919] 
050 0 0 |a QA374  |b .P56 
082 0 |a 515/.353 
100 1 |a Pirani, F. A. E.,  |d 1928- 
245 1 0 |a Local jet bundle formulation of Backlund transformations, with applications to non-linear evolution equations /  |c by F. A. E. Pirani, D. C. Robinson, and W. F. Shadwick. 
264 1 |a Dordrecht, Holland ;  |a Boston :  |b D. Reidel,  |c [1979] 
264 4 |c ©1979 
300 |a viii, 132 pages ;  |c 24 cm. 
336 |a text  |b txt  |2 rdacontent 
337 |a unmediated  |b n  |2 rdamedia 
338 |a volume  |b nc  |2 rdacarrier 
490 1 |a Mathematical physics studies ;  |v 1 
500 |a Includes index. 
504 |a Bibliography: pages 125-129. 
650 0 |a Differential equations, Partial. 
650 0 |a Bäcklund transformations. 
650 0 |a Jet bundles (Mathematics) 
700 1 |a Robinson, D. C.  |q (David Clyde),  |d 1942- 
700 1 |a Shadwick, W. F.,  |d 1951- 
830 0 |a Mathematical physics studies ;  |v v. 1. 
999 |a MARS 
999 f f |s e775e72c-023d-3897-b366-658018b001e3  |i 4c67a0f4-6215-316a-ab09-09bb5e8a2601  |t 0 
952 f f |p ric  |a Texas A&M University  |b Rellis Campus  |c Joint Library Facility  |d Remote Storage  |t 0  |e QA374 .P56  |h Library of Congress classification  |i unmediated -- volume  |m A14804532771 
998 f f |a QA374 .P56  |t 0  |l Remote Storage